|
|
|
|
| LEADER |
01011nab a2200241 i 4500 |
| 001 |
misc62297 |
| 005 |
20230123102508.0 |
| 008 |
220128s1967 hu o 0|| eng d |
| 040 |
|
|
|a SZTE Miscellanea Repozitórium
|b hun
|
| 041 |
|
|
|a eng
|
| 100 |
1 |
|
|a Ecsedy Ildikó
|
| 245 |
1 |
0 |
|a Â. A. Šer, Kamennye izvaâniâ Semireč'â. Izdat. "Nauka", Moskva - Leningrad, 1966
|h [elektronikus dokumentum] :
|b review /
|c Ecsedy Ildikó
|
| 260 |
|
|
|a Akadémiai Kiadó
|b Budapest
|c 1967
|
| 300 |
|
|
|a 373-376
|c 24 cm
|
| 300 |
|
|
|a [4] p.
|c 24 cm
|
| 490 |
0 |
|
|a Acta Orientalia Academiae Scientiarum Hungaricae;Acta Orientalia Academiae Scientiarum Hungaricae
|
| 561 |
|
|
|a Németh Gyula hagyaték
|
| 591 |
|
|
|a LOA 926; XKEK 2797
|
| 650 |
|
4 |
|a Bölcsészettudományok
|
| 650 |
|
4 |
|a Művészetek (művészetek, művészettörténet, előadóművészetek, zene)
|
| 695 |
|
|
|a Szobrászat - Kazahsztán
|
| 700 |
0 |
1 |
|a Šer Âkov Abramovič
|
| 856 |
4 |
0 |
|u http://misc.bibl.u-szeged.hu/62297/1/1450_noa_e15.pdf
|z Dokumentum-elérés
|